| 000 | 00390cam a2200157 4500 | ||
|---|---|---|---|
| 020 | _a0721669417 | ||
| 040 | _cDLC | ||
| 082 | 0 | 0 | _a574 SAU 1971 A080 Or. |
| 100 | 1 | _aOdum, Eugene P. | |
| 245 | 1 | 0 | _aFundamentals of ecology |
| 250 | _a3d ed. | ||
| 260 |
_aPhiladelphia, _bSaunders, _c1971. |
||
| 300 |
_axiv, 574 p. _billus. (part col.), maps. _c27 cm. |
||
| 650 | 0 | _aEcology. | |
| 942 | _cEK | ||
| 999 |
_c15628 _d15628 |
||